[Event "World Youth Boys U16 2014"]
[Site "Durban RSA"]
[Date "2014.09.21"]
[Round "3.19"]
[White "Sidabras, Ignas"]
[Black "Christiansen, Johan-Sebastian"]
[Result "1/2-1/2"]
[WhiteElo "1842"]
[BlackElo "2233"]
[WhiteFideId "12806030"]
[BlackFideId "1512668"]
[EventDate "2014.09.20"]

1. d4 d5 2. Nf3 Nf6 3. c4 dxc4 4. Qa4+ c6 5. Qxc4 Bg4 6. Ne5 Be6 7. Qd3 Nbd7 8.
Nxd7 Qxd7 9. Nc3 Rd8 10. e3 g6 11. Be2 Bg7 12. O-O O-O 13. Rd1 Qc7 14. h3 Bf5
15. Qc4 a6 16. a4 Be6 17. Qb4 a5 18. Qa3 Bf5 19. Bd3 Bxd3 20. Rxd3 e5 21. Ne2
Nd5 22. Rd1 Nb4 23. Qb3 exd4 24. Nxd4 c5 25. Nb5 c4 26. Nxc7 cxb3 27. Bd2 Bxb2
28. Rab1 Be5 29. Nb5 b2 30. Nd4 Bxd4 31. Bxb4 Bf6 32. Bxf8 Rxf8 33. Rd2 Rc8 34.
Rdxb2 Bxb2 35. Rxb2 Rc4 36. Rxb7 Rxa4 37. Rb8+ Kg7 38. Kh2 h5 39. g3 g5 40. Kg2
Kg6 41. Rb6+ f6 42. Ra6 Ra2 43. g4 Ra1 44. Ra8 hxg4 45. hxg4 Kf7 46. Kf3 Ra2 47.
Ke4 Rxf2 48. Rxa5 Kg6 49. Ra6 Rf1 50. Rb6 Ra1 51. Kf3 Rf1+ 52. Kg2 Re1 53. Kf2
Rc1 54. Ra6 Rb1 55. Kf3 Rb4 56. Kg3 Kf7 57. Kf3 Rb5 58. Rd6 Ke7 59. Ra6 Re5 60.
Rb6 Kf7 61. Ra6 Rb5 62. Rc6 Rb1 63. Kf2 Kg6 64. Ra6 Rb8 65. Rc6 Rh8 66. Kg3 Rh1
67. Kg2 Rb1 68. Kf2 Rd1 69. Ra6 Kf7 1/2-1/2

[Event "World Youth Boys U16 2014"]
[Site "Durban RSA"]
[Date "2014.09.21"]
[Round "3.20"]
[White "Chandran, Kapil"]
[Black "Berman, Jacob"]
[Result "1-0"]
[WhiteElo "2229"]
[BlackElo "1837"]
[WhiteFideId "2034077"]
[BlackFideId "2071010"]
[EventDate "2014.09.20"]

1. e4 e6 2. d4 d5 3. Nc3 Nf6 4. Bg5 dxe4 5. Nxe4 Nbd7 6. Nf3 Be7 7. Nxf6+ Bxf6
8. Qd2 O-O 9. O-O-O b6 10. Bb5 Bb7 11. Bxd7 Bxg5 12. Nxg5 Qxd7 13. Qd3 f5 14.
Rhe1 Rae8 15. f3 Qd6 16. Re5 c5 17. Qe2 cxd4 18. Rxe6 Qf4+ 19. Qd2 Qxd2+ 20.
Kxd2 h6 21. Rde1 Rb8 22. Nh3 Ba6 23. Re7 Rf7 24. Nf4 g5 25. Re8+ Rxe8 26. Rxe8+
Rf8 27. Rxf8+ Kxf8 28. Ne6+ Kf7 29. Nxd4 Kf6 30. Nc6 Bf1 31. g3 a6 32. f4 Kg6
33. Ne7+ Kf6 34. Nd5+ Kg6 35. Nxb6 gxf4 36. gxf4 Kh5 37. Nd5 Bb5 38. Ne3 Bd7 39.
Ke2 Kh4 40. Kf2 Kh3 41. Kg1 Be6 42. c4 a5 43. b3 h5 44. c5 Bd7 45. Nc4 h4 46.
Ne5 Be6 47. c6 Bc8 48. c7 Ba6 49. a3 Bb7 50. Nf7 Kg4 51. Nd6 Ba6 52. b4 axb4 53.
axb4 Kxf4 54. b5 1-0

[Event "World Youth Boys U16 2014"]
[Site "Durban RSA"]
[Date "2014.09.21"]
[Round "3.21"]
[White "Litvinov, Maxim"]
[Black "Naotunna, Dineth Nimnaka"]
[Result "1-0"]
[WhiteElo "2211"]
[BlackElo "1837"]
[WhiteFideId "24157449"]
[BlackFideId "9919228"]
[EventDate "2014.09.20"]

1. e4 Nc6 2. Nf3 d5 3. exd5 Qxd5 4. Nc3 Qa5 5. d4 Bg4 6. Bb5 O-O-O 7. Bxc6 bxc6
8. h3 Qh5 9. Be3 Nf6 10. Qe2 Qa5 11. Qc4 Kb7 12. b4 Qa6 13. b5 cxb5 14. Rb1 c6
15. Rxb5+ cxb5 16. Nxb5 Nd7 17. O-O e6 18. Bf4 Bd6 19. Bxd6 Qxd6 20. Ne5 Qa6 1-0

[Event "World Youth Boys U16 2014"]
[Site "Durban RSA"]
[Date "2014.09.21"]
[Round "3.22"]
[White "Dragnev, Valentin"]
[Black "Tshabalala, Ernest"]
[Result "1-0"]
[WhiteElo "2151"]
[BlackElo "1827"]
[WhiteFideId "1634852"]
[BlackFideId "14318466"]
[EventDate "2014.09.20"]

1. e4 c5 2. d4 cxd4 3. c3 dxc3 4. Nxc3 d6 5. Bc4 e6 6. Nf3 Be7 7. O-O Nf6 8. Qe2
a6 9. Rd1 Qc7 10. e5 dxe5 11. Nxe5 O-O 12. Bf4 Bd6 13. Rxd6 Qxd6 14. Ng6 Qd8 15.
Nxf8 Qxf8 16. a4 Bd7 17. Bg5 Bc6 18. Bxf6 gxf6 19. Rd1 Nd7 20. Ne4 Kh8 21. Bb3
Qh6 22. Nd6 Qg6 23. f3 Ne5 24. Rf1 Rg8 25. Bc2 Qh5 26. Be4 Bxe4 27. Qxe4 Qg6 28.
Nxb7 1-0

[Event "World Youth Boys U16 2014"]
[Site "Durban RSA"]
[Date "2014.09.21"]
[Round "3.23"]
[White "Subramaniam, Shreyes"]
[Black "Petr, Jan2"]
[Result "1-0"]
[WhiteElo "1813"]
[BlackElo "2140"]
[WhiteFideId "5707153"]
[BlackFideId "345784"]
[EventDate "2014.09.20"]

1. e4 e5 2. Nf3 Nc6 3. Bb5 a6 4. Ba4 Nge7 5. O-O g6 6. c3 Bg7 7. d4 exd4 8. cxd4
b5 9. Bb3 O-O 10. Nc3 Na5 11. Nd5 Nxd5 12. Bxd5 c6 13. Bb3 Nxb3 14. Qxb3 d6 15.
Bf4 Bg4 16. Rac1 Rc8 17. Rfd1 Re8 18. e5 dxe5 19. dxe5 Qc7 20. Rd6 c5 21. Qd5
Re7 22. Nd4 g5 23. Bg3 Rce8 24. Nc6 Rd7 25. h3 Be6 26. Qxc5 Bf8 27. Qe3 Bxd6 28.
Qxg5+ Kh8 29. exd6 Rxd6 30. Qf6+ Kg8 31. Rc3 Bd7 1-0

[Event "World Youth Boys U16 2014"]
[Site "Durban RSA"]
[Date "2014.09.21"]
[Round "3.24"]
[White "Satre, Mathias"]
[Black "Zayan, Mohamed"]
[Result "1-0"]
[BlackTitle "FM"]
[WhiteElo "1795"]
[BlackElo "2125"]
[WhiteFideId "1513648"]
[BlackFideId "10609989"]
[EventDate "2014.09.20"]

1. e4 c5 2. Nc3 Nc6 3. g3 g6 4. Bg2 Bg7 5. d3 d6 6. Be3 Nf6 7. h3 Rb8 8. Qd2 Nd4
9. Nge2 Nxe2 10. Nxe2 Nd7 11. c3 Ne5 12. f4 Nc6 13. O-O O-O 14. f5 Bd7 15. Bh6
Ne5 16. g4 Bb5 17. Bxg7 Kxg7 18. Nf4 g5 19. Nh5+ Kh8 20. c4 Bd7 21. Qxg5 Rg8 22.
Qe3 f6 23. Bf3 Qe8 24. Kf2 b5 25. b3 bxc4 26. dxc4 a5 27. Rg1 a4 28. h4 axb3 29.
axb3 Nxf3 30. Qxf3 Bc6 31. Nf4 Ra8 32. Ne6 Qd7 33. g5 Rxa1 34. Rxa1 Qe8 35. Rg1
Qa8 36. Rg4 Qe8 37. g6 hxg6 38. Rxg6 Rxg6 39. Qh5+ Kg8 40. fxg6 1-0

[Event "World Youth Boys U16 2014"]
[Site "Durban RSA"]
[Date "2014.09.21"]
[Round "3.25"]
[White "Kolver, Chris"]
[Black "Suta, Andraz"]
[Result "1-0"]
[WhiteElo "1751"]
[BlackElo "2063"]
[WhiteFideId "14307820"]
[BlackFideId "14613190"]
[EventDate "2014.09.20"]

1. d4 f5 2. Nc3 Nf6 3. Bg5 g6 4. Bxf6 exf6 5. e3 d5 6. Bd3 c6 7. Qf3 Be6 8. h3
h5 9. Nge2 h4 10. O-O-O b5 11. Nf4 Bf7 12. g4 hxg3 13. fxg3 Qa5 14. Kb1 Na6 15.
g4 b4 16. Nce2 fxg4 17. hxg4 Rg8 18. Rh7 b3 19. cxb3 Nb4 20. Nc3 Nxd3 21. Nxd3
Be7 22. g5 f5 23. Ne5 Rf8 24. Nxc6 Qa6 25. Nxe7 Kxe7 26. Nxd5+ Kd8 27. Nb4 Qc8
28. Rc1 1-0

[Event "World Youth Boys U16 2014"]
[Site "Durban RSA"]
[Date "2014.09.21"]
[Round "3.26"]
[White "Tuomainen, Felix"]
[Black "Maguire, Tom"]
[Result "0-1"]
[WhiteElo "2042"]
[BlackElo "1810"]
[WhiteFideId "1720813"]
[BlackFideId "3221385"]
[EventDate "2014.09.20"]

1. d4 Nf6 2. c4 c5 3. d5 b5 4. cxb5 a6 5. f3 g6 6. e4 d6 7. Nc3 Bg7 8. Bd3 O-O
9. Nge2 axb5 10. Bxb5 Ba6 11. a4 Qb6 12. Be3 Bxb5 13. Nxb5 Na6 14. O-O Ne8 15.
Qd2 Nec7 16. Nec3 Rfb8 17. Rfb1 Nxb5 18. Nxb5 Nc7 19. Nc3 Qb4 20. Qc2 Qc4 21.
Bd2 Rb3 22. a5 Na6 23. Ra4 Nb4 24. Qd1 Qd4+ 25. Kh1 c4 26. Ne2 Qc5 27. Nc1 Qb5
28. Nxb3 Qxa4 29. Ra1 Na2 30. Nc5 Qxd1+ 31. Rxd1 dxc5 32. Ra1 Nb4 33. Bc3 Bd4
34. Ra4 Nd3 35. Rxc4 Bxc3 36. Rxc3 Rxa5 37. g3 Nxb2 38. e5 c4 39. Rc2 Nd3 40.
Rxc4 Nxe5 41. Rc8+ Kg7 42. f4 Rxd5 43. fxe5 Rxe5 44. Kg2 Rf5 45. g4 Rf4 46. Kg3
g5 47. h4 h6 48. Rc6 Ra4 49. h5 Rd4 50. Rc5 e6 51. Rb5 Rd5 52. Rb7 e5 53. Kf3
Rd4 54. Re7 Kf6 55. Ra7 Rf4+ 56. Kg3 e4 57. Ra6+ Ke7 58. Ra7+ Kd6 59. Ra6+ Kc7
60. Ra7+ Kd8 61. Ra8+ Kc7 62. Ra7+ Kb6 63. Rd7 Kc6 64. Ra7 f6 65. Ra8 Rf3+ 66.
Kg2 Kd6 67. Ra5 Ke6 68. Ra8 Ke5 69. Rh8 Kf4 70. Rxh6 Kxg4 71. Rh8 f5 72. h6 Rh3
73. h7 f4 74. Kg1 e3 75. Kg2 f3+ 76. Kg1 f2+ 0-1

[Event "World Youth Boys U16 2014"]
[Site "Durban RSA"]
[Date "2014.09.21"]
[Round "3.27"]
[White "Ali, Abdulaziz"]
[Black "Sinyanskiy, Maxim"]
[Result "0-1"]
[WhiteElo "1740"]
[BlackElo "2038"]
[WhiteFideId "9304347"]
[BlackFideId "4178068"]
[EventDate "2014.09.20"]

1. e4 c5 2. Nf3 d6 3. d4 cxd4 4. Nxd4 Nf6 5. Nc3 a6 6. Bc4 e6 7. O-O Be7 8. Re1
O-O 9. Be3 b5 10. Bb3 Bd7 11. f3 Nc6 12. Nce2 Ne5 13. Bf2 Qc7 14. c3 Nc4 15. Qc2
e5 16. Nf5 Bxf5 17. exf5 d5 18. Bxc4 bxc4 19. Kh1 Bc5 20. Bh4 Qb6 21. Ng1 Rfe8
22. Rad1 Rad8 23. Re2 Rd7 24. Bg3 Rde7 25. Bh4 Rd7 26. Bg3 e4 27. Bh4 e3 28. Nh3
h6 29. Bxf6 Qxf6 30. f4 d4 0-1

[Event "World Youth Boys U16 2014"]
[Site "Durban RSA"]
[Date "2014.09.21"]
[Round "3.28"]
[White "Tasci, Onur"]
[Black "Conradie, Andre"]
[Result "1-0"]
[WhiteElo "2028"]
[BlackElo "1748"]
[WhiteFideId "6322182"]
[BlackFideId "14304570"]
[EventDate "2014.09.20"]

1. e4 c6 2. d4 d5 3. Nc3 dxe4 4. Nxe4 Nd7 5. Nf3 Ngf6 6. Bd3 Nxe4 7. Bxe4 Nf6 8.
Bd3 e6 9. c3 Qc7 10. Qe2 Bd6 11. O-O b6 12. Ne5 Bb7 13. Re1 Bxe5 14. dxe5 Nd5
15. a4 a5 16. Bd2 c5 17. b4 Rc8 18. bxa5 bxa5 19. Qg4 g6 20. Bh6 c4 21. Bf1 Ne7
22. Bg7 Rg8 23. Bf6 Nd5 24. Bg5 h5 25. Qh4 Ne7 26. Rad1 Bd5 27. Qf4 Nf5 28. Rb1
Kd7 29. Red1 Qc6 30. Rb5 Kc7 31. Rxa5 Ra8 32. Rb5 Rxa4 33. Rdb1 Rga8 34. Qc1 Ra1
35. R5b4 Rxb1 36. Qxb1 Ra6 37. h3 Rb6 38. Rxb6 Qxb6 39. Bd8+ 1-0

[Event "World Youth Boys U16 2014"]
[Site "Durban RSA"]
[Date "2014.09.21"]
[Round "3.29"]
[White "Lien, Kjell Hakon"]
[Black "Modi, Sachin"]
[Result "1-0"]
[BlackTitle "CM"]
[WhiteElo "2004"]
[BlackElo "1676"]
[WhiteFideId "1510444"]
[BlackFideId "14304589"]
[EventDate "2014.09.20"]

1. e4 c5 2. Nf3 Nc6 3. Bb5 g6 4. O-O Bg7 5. Re1 Ne5 6. Nxe5 Bxe5 7. c3 Bg7 8. d4
Qb6 9. Na3 cxd4 10. Qd3 a6 11. Bc4 d6 12. Bd5 dxc3 13. bxc3 Nf6 14. Be3 Qc7 15.
Nc4 Nxd5 16. exd5 Bf5 17. Qe2 O-O 18. Bb6 Qd7 19. Ba5 Qa4 20. Bb4 Rae8 21. g4
Bd7 22. Nb6 Qb5 23. Qxb5 Bxb5 24. a4 Bd3 25. Re3 Bc2 26. Nd7 Bb3 27. Nxf8 Kxf8
28. Rae1 Bxd5 29. Bxd6 Be6 30. Bb4 Bf6 31. h3 Rd8 32. a5 Rd7 33. Kg2 Bd5+ 34.
Kg3 Bc6 35. f4 h6 36. h4 g5 37. fxg5 hxg5 38. h5 Bd5 39. Rf1 Kg7 40. Rd1 e6 41.
c4 Bc6 42. Rxd7 Bxd7 43. Bd6 Bd8 44. Be5+ f6 45. Bc3 Bc7+ 46. Kh3 e5 47. Rf3 Bc6
48. h6+ Kxh6 49. Rxf6+ Kg7 50. Rf5 Kg6 51. Bd2 Bd8 52. Rxe5 Bf6 53. Re3 Kf7 54.
Kg3 Kg6 55. Bb4 Kf7 56. Bc5 Bh8 57. Kf2 Be8 58. Ke2 1-0

[Event "World Youth Boys U16 2014"]
[Site "Durban RSA"]
[Date "2014.09.21"]
[Round "3.35"]
[White "Mayed, Al-Rashedi"]
[Black "Essop, Hishaam"]
[Result "1-0"]
[WhiteTitle "FM"]
[WhiteElo "1859"]
[BlackElo "1752"]
[WhiteFideId "9303871"]
[BlackFideId "14306549"]
[EventDate "2014.09.20"]

1. e4 e5 2. Nf3 Nc6 3. Nc3 Nf6 4. d4 exd4 5. Nxd4 Bb4 6. Nxc6 bxc6 7. Bd3 Qe7 8.
O-O Bxc3 9. bxc3 O-O 10. Re1 Qe5 11. Bd2 d6 12. Rb1 Ng4 13. g3 Qh5 14. h4 Qc5
15. Rf1 Ne5 16. Kg2 f5 17. f4 Nc4 18. Rb4 Nxd2 19. Qxd2 fxe4 20. Bxe4 d5 21. Bd3
a5 22. Rb2 Re8 23. Rbb1 Bg4 24. Rfe1 Be6 25. f5 Bf7 26. f6 d4 27. cxd4 Qh5 28.
c4 gxf6 29. Rf1 Bg6 30. Rbe1 Qg4 31. Rf4 Qh5 32. Be2 Qh6 33. Bf3 Rxe1 34. Qxe1
Re8 35. Qxa5 Bd3 36. Qd2 Bg6 37. h5 f5 38. hxg6 hxg6 39. Bxc6 Re7 40. Rf2 Qh5
41. Bf3 Qh8 42. Re2 Rxe2+ 43. Bxe2 Qf6 44. Bf3 Kg7 45. Qf4 Kf8 46. Bd5 Qb6 47.
Qh6+ Ke7 48. Qg7+ Kd8 49. c5 Qb2+ 50. Kh3 Qb5 51. Qf8+ Kd7 52. c6+ 1-0

[Event "World Youth Boys U16 2014"]
[Site "Durban RSA"]
[Date "2014.09.22"]
[Round "4.1"]
[White "Ali Marandi, Cemil Can"]
[Black "Aravindh, Chithambaram VR."]
[Result "0-1"]
[WhiteTitle "IM"]
[BlackTitle "IM"]
[WhiteElo "2408"]
[BlackElo "2496"]
[WhiteFideId "6300529"]
[BlackFideId "5072786"]
[EventDate "2014.09.20"]

1. e4 c5 2. Nf3 Nc6 3. d4 cxd4 4. Nxd4 Nf6 5. Nc3 e5 6. Ndb5 d6 7. Bg5 a6 8. Na3
b5 9. Nd5 Be7 10. Bxf6 Bxf6 11. c4 b4 12. Nc2 O-O 13. h4 Rb8 14. b3 a5 15. g3
Be6 16. Bg2 Be7 17. Qd3 Qd7 18. Rd1 Rbd8 19. Rd2 Qa7 20. Qe3 Qc5 21. O-O Rd7 22.
Rfd1 Rfd8 23. Bf3 Qxe3 24. Ndxe3 Nb8 25. Nd5 Bf8 26. Kg2 Na6 27. Ne1 Rb7 28. Ne3
Ra7 29. Nd3 Rc8 30. Nc2 Rb8 31. Be2 Be7 32. Ne3 Nc7 33. Nb2 Bf8 34. Nf5 Ne8 35.
Ne3 Nc7 36. Nf5 Ne8 37. Ne3 Rc7 38. Nd5 Rc6 39. Ra1 Nc7 40. Nxc7 Rxc7 41. Nd1
Be7 42. Ne3 Kf8 43. Rad1 Rc6 44. Nd5 Bd8 45. Rd3 Bb6 46. f4 Bd4 47. f5 Bxd5 48.
exd5 Rc7 49. Rf1 f6 50. Kf3 a4 51. Bd1 Rbc8 52. Re1 axb3 53. Bxb3 Ra7 54. Re2
Bc3 55. Rd1 Ke7 56. Ke4 g6 57. Rf1 Rac7 58. Ref2 Rxc4+ 59. Bxc4 Rxc4+ 60. Kd3
Rd4+ 61. Kc2 Rxd5 62. fxg6 hxg6 63. Rxf6 e4 64. R6f2 Ra5 65. Kb3 Ra3+ 66. Kc4
Ke6 67. Rf8 d5+ 68. Kc5 Ra5+ 69. Kc6 Ra6+ 70. Kc5 Ra5+ 71. Kc6 Ra6+ 72. Kc5 Rxa2
73. Re8+ Kd7 74. Rff8 Ra5+ 75. Kb6 b3 76. Rd8+ Ke6 77. Kc6 Ke5 78. Rb8 b2 79. g4
Ra6+ 80. Kd7 Ra1 81. h5 gxh5 0-1

[Event "World Youth Boys U16 2014"]
[Site "Durban RSA"]
[Date "2014.09.22"]
[Round "4.2"]
[White "Pichot, Alan"]
[Black "Bellahcene, Bilel"]
[Result "1-0"]
[WhiteTitle "IM"]
[BlackTitle "FM"]
[WhiteElo "2452"]
[BlackElo "2428"]
[WhiteFideId "110973"]
[BlackFideId "696358"]
[EventDate "2014.09.20"]

1. e4 c5 2. Nf3 d6 3. d4 cxd4 4. Nxd4 Nf6 5. Nc3 a6 6. h3 e5 7. Nde2 h5 8. g3
Be6 9. Bg2 Be7 10. O-O Nbd7 11. a4 O-O 12. Be3 b5 13. axb5 axb5 14. Rxa8 Qxa8
15. Nxb5 Qb8 16. Qd3 Rc8 17. b3 d5 18. exd5 e4 19. Qd2 Nxd5 20. Nbd4 Bb4 21. Qc1
N7f6 22. Nxe6 fxe6 23. Nf4 h4 24. Nxd5 exd5 25. g4 Qe5 26. Qd1 Bc3 27. g5 Nh7
28. Qg4 Re8 29. f4 Qe7 30. f5 Nf8 31. f6 Qf7 32. fxg7 Qxg7 33. Qf5 Be5 34. Bc5
Ng6 35. c4 dxc4 36. bxc4 Kh8 37. Qg4 Bd4+ 38. Bxd4 Qxd4+ 39. Kh1 Kg7 40. Rd1
Qxc4 41. Qh5 Qe6 42. Qh6+ Kg8 43. Re1 Nf4 44. g6 Qxg6 45. Qxf4 Qg3 46. Qf1 e3
47. Bd5+ Kh8 48. Qf6+ Qg7 49. Qxh4+ Qh7 50. Qf6+ Qg7 51. Qf3 Qh6 52. Rg1 Rd8 53.
Qg3 Qf6 54. Qg4 Qh6 55. Qd4+ 1-0

[Event "World Youth Boys U16 2014"]
[Site "Durban RSA"]
[Date "2014.09.22"]
[Round "4.3"]
[White "Petrosyan, Manuel"]
[Black "Gazik, Viktor"]
[Result "1/2-1/2"]
[WhiteTitle "FM"]
[BlackTitle "FM"]
[WhiteElo "2397"]
[BlackElo "2315"]
[WhiteFideId "13300857"]
[BlackFideId "14928752"]
[EventDate "2014.09.20"]

1. d4 f5 2. g3 Nf6 3. Bg2 g6 4. c4 Bg7 5. Nc3 O-O 6. Nf3 d6 7. O-O Qe8 8. Re1 e5
9. dxe5 dxe5 10. e4 Nc6 11. Nd5 fxe4 12. Nxf6+ Rxf6 13. Ng5 Rd6 14. Qa4 Bf5 15.
Nxe4 Bxe4 16. Bxe4 Nd4 17. Qxe8+ Rxe8 18. Be3 c6 19. b4 a6 20. a4 Rd7 21. Rab1
Rc8 22. Kg2 Bf6 23. h4 Kg7 24. Rb2 Re7 25. Rh1 Rd7 26. h5 Nf5 27. Bb6 Bd8 28.
Bc5 Be7 29. Bxe7 Nxe7 30. hxg6 hxg6 31. Re1 Rd4 32. Bb1 Rxc4 33. Rxe5 Nd5 34. b5
Rc7 35. bxc6 bxc6 36. Rg5 Ne7 37. Ra5 Ra7 38. Rb6 Rc1 39. Be4 Rc4 40. Bd3 Rd4
41. Bf1 c5 42. Rbxa6 Rxa6 43. Bxa6 c4 44. Rc5 c3 45. a5 Ra4 46. Bb7 Nf5 47. a6
Ra3 48. Kf3 c2+ 49. Kg2 Nd4 50. Be4 Rxa6 51. Bxc2 Rc6 52. Rxc6 Nxc6 53. Be4 Nd4
54. f3 Kf6 55. Kf2 g5 56. Ke3 Ne6 57. Bd5 Ng7 58. g4 Ke5 59. Bf7 Kf6 60. Bc4 Ke5 1/2-1/2

[Event "World Youth Boys U16 2014"]
[Site "Durban RSA"]
[Date "2014.09.22"]
[Round "4.4"]
[White "Nastase, Robert-Paul"]
[Black "Karthikeyan, Murali"]
[Result "0-1"]
[BlackTitle "IM"]
[WhiteElo "2255"]
[BlackElo "2462"]
[WhiteFideId "1221175"]
[BlackFideId "5074452"]
[EventDate "2014.09.20"]

1. e4 g6 2. d4 Bg7 3. Be3 d6 4. Nc3 a6 5. Qd2 b5 6. f3 Bb7 7. Nge2 Nd7 8. g4 e5
9. d5 h5 10. g5 Nb6 11. b3 Ne7 12. h4 c6 13. dxc6 Bxc6 14. O-O-O d5 15. exd5
Nbxd5 16. Bc5 O-O 17. Nxd5 Nxd5 18. Nc3 Nxc3 19. Qxc3 Qc7 20. Bxf8 Rxf8 21. Qc5
Qb7 22. Be2 Rc8 23. Qe3 Qe7 24. Kb1 Qa3 25. c3 e4 26. f4 Bd5 27. Rxd5 Rxc3 28.
Qd2 e3 29. Qb2 Qxb2+ 30. Kxb2 Rd3+ 31. Kc2 Rxd5 32. Rd1 Rf5 33. Rf1 Rc5+ 34. Kd3
Rc3+ 35. Ke4 Rc2 36. Kxe3 Rxa2 37. Rb1 Rc2 38. f5 Rc3+ 39. Kf4 Rh3 40. f6 Bf8
41. Rd1 Rxh4+ 42. Kg3 Rb4 43. Rd7 h4+ 44. Kg2 Rxb3 45. Bf3 h3+ 0-1

[Event "World Youth Boys U16 2014"]
[Site "Durban RSA"]
[Date "2014.09.22"]
[Round "4.5"]
[White "Saiyn, Zhanat"]
[Black "Kumaran, B"]
[Result "1/2-1/2"]
[WhiteTitle "FM"]
[WhiteElo "2397"]
[BlackElo "2239"]
[WhiteFideId "13703820"]
[BlackFideId "5038472"]
[EventDate "2014.09.20"]

1. d4 Nf6 2. c4 e6 3. Nc3 Bb4 4. e3 c5 5. Ne2 O-O 6. a3 Bxc3+ 7. Nxc3 cxd4 8.
exd4 d5 9. Be2 Nc6 10. Be3 dxc4 11. Bxc4 b6 12. O-O Bb7 13. Ba2 Ne7 14. Bg5 Nf5
15. d5 exd5 16. Qd3 d4 17. Qxf5 dxc3 18. bxc3 Qc8 19. Qf4 Qc6 20. f3 Nd5 21.
Bxd5 Qxd5 22. Qd2 Qxd2 23. Bxd2 Rfe8 24. Rfe1 f6 25. a4 Rxe1+ 26. Bxe1 Re8 27.
Bf2 Re5 28. c4 Bc6 29. a5 Rxa5 30. Rxa5 bxa5 31. Bxa7 a4 32. Bc5 Bb7 33. Kf2 Ba6
34. Ke3 Bxc4 35. h4 Kf7 36. Kd4 Bb5 37. f4 Bd7 38. g3 Bg4 39. Bb4 Ke6 40. Bf8
Kf7 41. Bb4 Bd1 42. Bc5 Ke6 43. Bf8 g6 44. Bb4 Kf5 45. Ke3 Kg4 46. Kf2 Bc2 47.
Ba3 Bb3 48. Bb4 h6 49. Ba3 h5 50. Bb4 Kf5 51. Ke3 Kg4 52. Kf2 g5 53. hxg5 fxg5
54. fxg5 Kxg5 55. Ke3 Kf5 56. Kd2 Ke4 57. Kc3 Ke3 58. Kb2 Kf3 59. Bd6 Kg4 60.
Ka3 h4 61. gxh4 Kxh4 1/2-1/2

[Event "World Youth Boys U16 2014"]
[Site "Durban RSA"]
[Date "2014.09.22"]
[Round "4.6"]
[White "Kollars, Dmitrij"]
[Black "Mousavi, Seyed Khalil"]
[Result "0-1"]
[BlackTitle "FM"]
[WhiteElo "2243"]
[BlackElo "2348"]
[WhiteFideId "12909572"]
[BlackFideId "12511099"]
[EventDate "2014.09.20"]

1. c4 Nf6 2. g3 e6 3. Bg2 d5 4. Nf3 Be7 5. O-O O-O 6. b3 b6 7. Bb2 Bb7 8. e3 c5
9. Qe2 Nbd7 10. Rd1 Qc7 11. Nc3 Rac8 12. Rac1 Qb8 13. cxd5 Nxd5 14. Nxd5 Bxd5
15. e4 Bb7 16. d4 Qa8 17. d5 exd5 18. exd5 Bf6 19. Nh4 Rfe8 20. Qd2 Bxb2 21.
Qxb2 g6 22. Rc4 Qb8 23. Bh3 Rcd8 24. Rc2 Qd6 25. Ng2 Ne5 26. Ne3 Nf3+ 27. Kf1
Nd4 28. Rxd4 cxd4 29. Qxd4 Bxd5 30. Qb2 Bf3 31. Kg1 Re5 32. Bf1 Qe7 33. Qc1 Rc5
34. Bc4 Rxc4 0-1

[Event "World Youth Boys U16 2014"]
[Site "Durban RSA"]
[Date "2014.09.22"]
[Round "4.7"]
[White "Sibashvili, Giorgi"]
[Black "Tica, Sven"]
[Result "1-0"]
[WhiteElo "2335"]
[BlackElo "2246"]
[WhiteFideId "13602799"]
[BlackFideId "14526948"]
[EventDate "2014.09.20"]

1. d4 Nf6 2. Nf3 e6 3. c4 d5 4. Nc3 Be7 5. Bg5 O-O 6. e3 h6 7. Bh4 b6 8. cxd5
exd5 9. Rc1 Bb7 10. Be2 Nbd7 11. O-O Ne4 12. Bxe7 Qxe7 13. Qb3 Ndf6 14. Nxe4
Nxe4 15. Rc2 Rfc8 16. Rfc1 c5 17. Qa3 Qe8 18. b3 a5 19. dxc5 Rxc5 20. Rxc5 bxc5
21. Bd3 a4 22. b4 cxb4 23. Qxb4 Ba6 24. Bxa6 Rxa6 25. Qb7 Qe6 26. Nd4 Qb6 27.
Qxd5 Nf6 28. Rc8+ Kh7 29. Qf5+ g6 30. Qc2 Nd5 31. h4 Qb4 32. Nf3 a3 33. h5 Qg4
34. Qc5 gxh5 35. Ne5 Qd1+ 36. Kh2 Kg7 37. Qf8+ Kf6 38. Qxf7+ 1-0

[Event "World Youth Boys U16 2014"]
[Site "Durban RSA"]
[Date "2014.09.22"]
[Round "4.8"]
[White "Maslov, Ivan"]
[Black "Lenaerts, Lennert"]
[Result "1-0"]
[WhiteElo "2095"]
[BlackElo "2329"]
[WhiteFideId "24169820"]
[BlackFideId "211435"]
[EventDate "2014.09.20"]

1. d4 d5 2. c4 c6 3. cxd5 cxd5 4. Bf4 Nc6 5. e3 Nf6 6. Nc3 a6 7. Bd3 Bg4 8. Nge2
e6 9. O-O Bd6 10. f3 Bh5 11. Rc1 Bg6 12. Na4 Bxd3 13. Qxd3 Bxf4 14. Nxf4 O-O 15.
Nc5 Qe7 16. Qb3 Na5 17. Qc3 Nc4 18. b3 Nd6 19. Qb4 Rfe8 20. Nfd3 Rac8 21. e4 a5
22. Qe1 dxe4 23. fxe4 Nb5 24. e5 Nd5 25. Qf2 Nbc3 26. Nf4 b6 27. Nxd5 exd5 28.
Rxc3 bxc5 29. Rfc1 Qg5 30. h4 Qh6 31. R1c2 Re6 32. Rxc5 Rec6 33. Qf5 Qe3+ 34.
Kh2 g6 35. Qg5 Rxc5 36. Rxc5 1-0

[Event "World Youth Boys U16 2014"]
[Site "Durban RSA"]
[Date "2014.09.22"]
[Round "4.9"]
[White "Sanal, Vahap"]
[Black "Tasci, Onur"]
[Result "1-0"]
[WhiteTitle "IM"]
[WhiteElo "2473"]
[BlackElo "2028"]
[WhiteFideId "6300545"]
[BlackFideId "6322182"]
[EventDate "2014.09.20"]

1. e4 c5 2. Nf3 d6 3. d4 cxd4 4. Nxd4 Nf6 5. Nc3 g6 6. Be3 Bg7 7. f3 O-O 8. Qd2
Nc6 9. O-O-O d5 10. Qe1 e5 11. Nxc6 bxc6 12. exd5 Nxd5 13. Bc4 Be6 14. Ne4 Qb8
15. Bc5 Rd8 16. Qh4 h6 17. g4 Qc7 18. g5 h5 19. Qf2 a5 20. Rhe1 Rab8 21. Ba3 Bf5
22. c3 Kh8 23. Rd2 Bxe4 24. fxe4 Nf4 25. Red1 Rxd2 26. Qxd2 Bf8 27. Bd6 Bxd6 28.
Qxd6 Rc8 29. Kc2 Kg7 30. Qf6+ Kg8 31. Rd6 Re8 32. Rxc6 Qa7 33. Rb6 Qd7 34. Bb5
Qc8 35. Bxe8 Qxe8 36. Qc6 Qd8 37. Qd6 Qxg5 38. Rb8+ Kh7 39. Qf8 Qf6 40. Rb7 1-0